Special functions of mathematical physics

Guardat en:
Dades bibliogràfiques
Autor principal: Hochstadt, Harry (Autor)
Format: Llibre
Idioma:anglès
Publicat: Nueva York Holt, Rinehart and Winston 1961
Col·lecció:Athena
Matèries:
Etiquetes: Afegir etiqueta
Sense etiquetes, Sigues el primer a etiquetar aquest registre!

MARC

LEADER 00000nam a2200000 a 4500
001 UCQ9515
003 CL-VaPUC
008 990112e19610000US |||||||||||||||||eng|d
082 0 4 |a 515.5  |b HOC  |2 21 
100 |a Hochstadt, Harry  |e author  |9 548022 
245 1 0 |a Special functions of mathematical physics 
300 |a 81 p 
942 |c BK 
945 |d 19990112 00:00:00  |a crobeson 
260 |a Nueva York  |b Holt, Rinehart and Winston  |c 1961 
650 7 |a FUNCIONES ESPECIALES  |2 CL-VaPUC  |9 424112 
650 0 |a Física matemática   |9 260981 
583 |a last modification  |c 19990112 00:00:00  |k Rodrigo Vera 
490 0 |a Athena 
999 |c 278515  |d 278513 
952 |0 0  |1 0  |4 0  |6 515_500000000000000_HOC_1961  |7 0  |8 A  |9 317105  |a BIBMAT  |b BIBMAT  |d 2019-11-20  |i 1315498  |o 515.5 HOC 1961  |p 1315498  |r 2025-01-07  |w 2019-11-20  |y BK  |k MAT